| 000 | 00359nam a22001577a 4500 | ||
|---|---|---|---|
| 020 | _a0-02-313371-6 | ||
| 041 | _aENG | ||
| 100 | _aBrady.N.C | ||
| 245 | _aThe Nature And Properties Of Soils | ||
| 250 | _aEleventh Ed | ||
| 260 |
_aNew Jerscey _bPrentice Hall _c1996 |
||
| 300 | _a740 | ||
| 650 | _aSWCE | ||
| 700 | _aWeil .R.R | ||
| 856 | _uSWCE ( 24 ) | ||
| 999 |
_c1850 _d1850 |
||